000 01066nam a2200277 i 4500
001 57384
003 Mx-PuUPA
005 20260218105058.0
008 140415s1991 mx r 000 0 spa d
020 _a9681635469
040 _aMX-PuUPA
_bspa
_erda
_cMx-PuUPA
_dMx-PuUPA
041 0 _aspa
245 1 0 _aIdeas y presagios del descubrimiento de América /
_cLeopoldo Zea, compilador
264 1 _aMéxico, D.F. :
_bInstituto Panamericano de Geografía e Historia,
_c1991
300 _a193 páginas ;
_c21 cm.
336 _atexto
_2rdacontent
_btxt
337 _asin medio
_2rdamedia
_bn
338 _avolumen
_2rdacarrier
_bnc
490 0 _aColección Tierra Firme
650 7 _aIberoamérica
_xHistoria
700 1 _aZea, Leopoldo,
_d1912-2004
_917513
_ecompilador
942 _2ddc
_cLI
_h980.013
_iI55
999 _c57384
_d57384